000 01345nam a22002777a 4500
001 1166
005 20230808111529.0
008 230807b cb ||||| |||| 00| 0 khr d
020 _a9789924341598
040 _aFISKH
_beng
_cFISKH
_dFISKH
082 _a398.21
100 _aSovanrothana, Shin
245 _aវារីចេះហើរ /
260 _aPhnom Penh :
_bSipar,
_c2022.
300 _a24 pages:
_bcolor illustrations ;
_c22 cm
490 _aខ្ញុំចេះអាន
505 _aG
520 _aក្នុងពេលកំពុងរៀនហើរជាមួយមិត្ត ​ផារ៉ា​ត្រូវបានសត្វស្ទាំងឆាបយកទៅ។ ឃើញដូច្នេះ វារីក៏ហក់ទៅជួយ បន្ទាប់មកវាក៏អាចហើរបានចាប់តាំងពីពេលនោះមក ។
520 _aWhile learning how to fly, Phara, a friend of Vary was taken by a hawk. As Vary saw that, he jumped to help his friend, then he knew how to fly also.
521 _a380
_bLexile estimate
521 _aG
_bRaz-Plus
650 _aវារី​
_vមិត្តភាព​
_xហោះ
650 _aVary
_vRelationship
_xFly
700 _aSopheap, Siet
_cillustrator
942 _2ddc
_cBK
_n0
999 _c1166
_d1166